Employment, income, and retirement problems of the aged / (Record no. 58457)
[ view plain ]
| 000 -LEADER | |
|---|---|
| fixed length control field | 00988nam a2200277 a 4500 |
| 001 - CONTROL NUMBER | |
| control field | 58457 |
| 003 - CONTROL NUMBER IDENTIFIER | |
| rucl marc code | BD-RjUL |
| 005 - DATE AND TIME OF LATEST TRANSACTION | |
| control field | 20211209080626.0 |
| 008 - FIXED-LENGTH DATA ELEMENTS--GENERAL INFORMATION | |
| fixed length control field | 161218s1963 ncua b 001 0 eng |
| 020 ## - INTERNATIONAL STANDARD BOOK NUMBER | |
| International Standard Book Number | 0822301024 |
| 035 ## - SYSTEM CONTROL NUMBER | |
| System control number | (BD-RjUL)58581 |
| System control number | (OCoLC)183669 |
| 040 ## - CATALOGING SOURCE | |
| Original cataloging agency | DLC |
| Transcribing agency | OYesA |
| Modifying agency | OCoLC |
| -- | ODaWU |
| -- | MoSU-L |
| -- | Uk |
| -- | DLC |
| Language of cataloging | eng |
| 041 ## - LANGUAGE CODE | |
| Language code of text/sound track or separate title | eng |
| 082 ## - DEWEY DECIMAL CLASSIFICATION NUMBER | |
| Classification number | 331.3980973 |
| Edition number | 23 |
| Author mark and year | EMP 1963 |
| 245 00 - TITLE STATEMENT | |
| Title | Employment, income, and retirement problems of the aged / |
| Statement of responsibility, etc. | edited by Juanita M. Kreps ; [contributors] Juanita M. Kreps ... [et al.]. |
| 260 ## - PUBLICATION, DISTRIBUTION, ETC. (IMPRINT) | |
| Place of publication, distribution, etc. | Durham, N.C. : |
| Name of publisher, distributor, etc. | Duke University Press, |
| Date of publication, distribution, etc. | 1963. |
| 300 ## - PHYSICAL DESCRIPTION | |
| Pagination | viii, 240 p. : |
| Illustrations | ill. ; |
| Size | 24 cm. |
| 504 ## - BIBLIOGRAPHY, ETC. NOTE | |
| Bibliography, etc | Includes bibliographical references and index. |
| 650 #0 - SUBJECT ADDED ENTRY--TOPICAL TERM | |
| Topical term or geographic name as entry element | Older people |
| Geographic subdivision | United States. |
| 9 (RLIN) | 170614 |
| Topical term or geographic name as entry element | Age and employment |
| Geographic subdivision | United States. |
| 9 (RLIN) | 173607 |
| Topical term or geographic name as entry element | Retirement. |
| 9 (RLIN) | 173608 |
| 700 1# - ADDED ENTRY--PERSONAL NAME | |
| Personal name | Kreps, Juanita M. |
| Fuller form of name | (Juanita Morris), |
| Dates associated with a name | 1921-2010. |
| 942 ## - ADDED ENTRY ELEMENTS (KOHA) | |
| Source of classification or shelving scheme | Dewey Decimal Classification |
| Koha item type | Books |
| Lost status | Source of classification or shelving scheme | Damaged status | Not for loan | Collection code | Permanent Location | Current Location | Shelving location | Date acquired | Total Checkouts | Full call number | Date last seen | Copy number | Koha item type |
|---|---|---|---|---|---|---|---|---|---|---|---|---|---|
| Dewey Decimal Classification | Not For Loan | Non-fiction | Central Library, University of Rajshahi | Central Library, University of Rajshahi | Reading Room | 24/07/1994 | 331.3980973 EMP 1963 | 18/12/2016 | C-1 | Books |